000 nam a22 a 4500
999 _c4611
_d4611
005 20170606090351.0
008 170606s2013 cau||||| |||| 00| 0 eng d
020 _a9781452203874
_cRM 213.50
040 _aAKMAL
082 _a300.723 FIN
090 _a300.723
_bFIN
100 1 _a Fink, Arlene
_98882
245 1 0 _a How to conduct surveys :
_b a step-by-step guide
_c Arlene Fink.
250 _a5th ed.
260 _a Los Angeles :
_bSAGE,
_c c2013.
300 _axix, 173 p. :
_b ill. ;
_c26cm
500 _a Formerly CIP. |5 Uk
504 _aIncludes bibliographical references and index.
599 _aDALAM PROSES
650 0 _aSocial surveys.
_98883
650 0 _aEducational surveys.
_98884
942 _2ddc
_cBOOK